| 000 | 00540nam a2200181Ia 4500 | ||
|---|---|---|---|
| 003 | IN-BaIIA | ||
| 008 | 211028s9999 xx 000 0 eng d | ||
| 040 | _cIIA Library | ||
| 080 |
_a(058)7:621.38 _bELE |
||
| 110 |
_aIndia. EFY Group _913248 |
||
| 245 | 0 |
_aElectronics for you _bannual 1984 directory/buyers guide/regular features _cEFY Group |
|
| 260 |
_aNew Delhi _bEFY Enterprises _c1984 |
||
| 300 | _a444p. | ||
| 650 |
_aDirectory-Electronics _913249 |
||
| 650 | _aNASA Thesaurus | ||
| 650 |
_aYearbook-Electronics _913250 |
||
| 942 | _cBK | ||
| 999 |
_c7853 _d7853 |
||